000 00514nam a2200181 4500
001 137183
003 ES-MaACL
005 20230906195327.0
007 t|
008 070214s1972 sp r ||||1| cat d
100 1 _aSalvat, Ricard.
_9102118
245 1 0 _aAdriá Gual i la seva época /
_cRicard Salvat ; próleg d'Arnau Olivar.
250 _a1ª. ed.
260 _aBarcelona :
_bEdicions 62,
_c1972.
300 _a80 p. ;
_c18 cm.
700 1 _aOlivar, Arnau.
_986754
852 _aES-MaACL
_jC-52756
_bR.82925
999 _c137183
_d137183